<?xml version="1.0" encoding="UTF-8"?><?xml-stylesheet type="text/xsl" href="static/style.xsl"?><OAI-PMH xmlns="http://www.openarchives.org/OAI/2.0/" xmlns:xsi="http://www.w3.org/2001/XMLSchema-instance" xsi:schemaLocation="http://www.openarchives.org/OAI/2.0/ http://www.openarchives.org/OAI/2.0/OAI-PMH.xsd"><responseDate>2026-04-17T01:08:57Z</responseDate><request verb="GetRecord" identifier="oai:www.recercat.cat:10256/24678" metadataPrefix="marc">https://recercat.cat/oai/request</request><GetRecord><record><header><identifier>oai:recercat.cat:10256/24678</identifier><datestamp>2024-06-13T10:05:14Z</datestamp><setSpec>com_2072_453051</setSpec><setSpec>com_2072_2054</setSpec><setSpec>col_2072_453059</setSpec></header><metadata><record xmlns="http://www.loc.gov/MARC21/slim" xmlns:dcterms="http://purl.org/dc/terms/" xmlns:xsi="http://www.w3.org/2001/XMLSchema-instance" xmlns:doc="http://www.lyncode.com/xoai" xsi:schemaLocation="http://www.loc.gov/MARC21/slim http://www.loc.gov/standards/marcxml/schema/MARC21slim.xsd">
   <leader>00925njm 22002777a 4500</leader>
   <datafield ind2=" " ind1=" " tag="042">
      <subfield code="a">dc</subfield>
   </datafield>
   <datafield ind2=" " ind1=" " tag="720">
      <subfield code="a">Albertín Carbó, Pilar</subfield>
      <subfield code="e">author</subfield>
   </datafield>
   <datafield ind2=" " ind1=" " tag="720">
      <subfield code="a">Cortés-Nicolás, Pakita Victoria</subfield>
      <subfield code="e">author</subfield>
   </datafield>
   <datafield ind2=" " ind1=" " tag="720">
      <subfield code="a">Acién González, Estefanía</subfield>
      <subfield code="e">author</subfield>
   </datafield>
   <datafield ind2=" " ind1=" " tag="720">
      <subfield code="a">Costas, Camila</subfield>
      <subfield code="e">author</subfield>
   </datafield>
   <datafield ind2=" " ind1=" " tag="260">
      <subfield code="c">2024-01</subfield>
   </datafield>
   <datafield ind2=" " ind1=" " tag="520">
      <subfield code="a">COLABORACIÓN: Nadia Azougagh y Nora Elhaimer (Almería); Alianza por la Solidaridad (Andalucía); Concepción Fuentes, Hasan Gurka y Carmen Echazarreta (Universitat de Girona). DISEÑO: Carmela Borrego</subfield>
   </datafield>
   <datafield ind2=" " ind1=" " tag="520">
      <subfield code="a">La presente publicación es el resultado de una parte de la investigación que hemos realizado en relación con los colectivos de mujeres migrantes que trabajan en la economía informal, sumergida o de subsistencia. Unas proceden de Marruecos, mujeres que vienen a trabajar en los frutos rojos de los campos de Huelva y de los invernaderos de Almería, y otras proceden de Latinoamérica (Honduras, Colombia y Perú, principalmente), que vienen a realizar trabajos de cuidado -sobre todo de personas mayores- en el seno de familias empleadoras. La elección de estos temas se basa en razones diversas, principalmente el encontrarnos con la necesidad de explorar y dar a conocer algunos testimonios de vida y experiencias de estas mujeres en los primeros tiempos en que llegan al país de acogida, o al país que las requiere para realizar aquellos trabajos que, en la mayoría de las ocasiones, no queremos realizar las personas nacionalizadas. Ello refleja, por un lado, la necesidad de esas manos, esos cuerpos, para realizar unas tareas básicas en la sociedad –el cuidado de personas, la recogida de productos de la agricultura–, y por otro, el poco valor que se les otorga, dado que ni se las reconoce en condiciones laborales apropiadas, ni se establecen mecanismos que dignifiquen a esas mujeres que llegan por necesidades perentorias y que entregan su fuerza de trabajo a cambio de bien poco.Por este motivo, hemos recogido los testimonios o relatos de vida de un grupo de mujeres que nos han ido situando en un contexto lleno de dificultades y desigualdades, un relato lo más directo posible para poder comprender cómo se sienten, cómo viven, y poder pensar en posibilidades que les permitan tener derechos como ciudadanas. No queremos destacar solo la parte opresiva y de vulnerabilidades, sino también las estrategias de empoderamiento y la capacidad de agencia que ponen en juego en su trayecto migratorio y en el inicio de la vida en otro país diferente al suyo, con todo lo que lleva asociado.La guía o manual está especialmente dirigida a cualquier persona interesada, a profesionales, a personas involucradas en la política y en gestión de recursos sociales y económicos; se trata de una guía para aquellas personas que quieran navegar por los entresijos de escenarios de marginación y exclusión, pero donde el espíritu de lucha y de alcanzar metas nos muestra la grandeza de lo humano</subfield>
   </datafield>
   <datafield ind2=" " ind1=" " tag="520">
      <subfield code="a">Proyecto titulado "Rompiendo el silencio: mujeres en economías sumergidas. Práctica de poder y resistencia" (14-1-ID22), subvencionado por el Instituto de la Mujer. Identificación de la Convocatoria: subvenciones destinadas a la realización de Investigaciones Feministas, de Género y sobre Mujeres. BOE núm. 163 de 8 de julio de 2022. Duración 2022-2024</subfield>
   </datafield>
   <datafield ind2=" " ind1=" " tag="520">
      <subfield code="a">8</subfield>
   </datafield>
   <datafield ind2=" " ind1=" " tag="520">
      <subfield code="a">10</subfield>
   </datafield>
   <datafield ind1="8" ind2=" " tag="024">
      <subfield code="a">http://hdl.handle.net/10256/24678</subfield>
   </datafield>
   <datafield tag="653" ind2=" " ind1=" ">
      <subfield code="a">Dones immigrants -- Condicions socials</subfield>
   </datafield>
   <datafield tag="653" ind2=" " ind1=" ">
      <subfield code="a">Women immigrants -- Social conditions</subfield>
   </datafield>
   <datafield tag="653" ind2=" " ind1=" ">
      <subfield code="a">Dones immigrants -- Treball -- Espanya</subfield>
   </datafield>
   <datafield tag="653" ind2=" " ind1=" ">
      <subfield code="a">Women immigrants -- Employment -- Spain</subfield>
   </datafield>
   <datafield tag="653" ind2=" " ind1=" ">
      <subfield code="a">Economia submergida -- Espanya</subfield>
   </datafield>
   <datafield tag="653" ind2=" " ind1=" ">
      <subfield code="a">Informal sector (Economics) -- Spain</subfield>
   </datafield>
   <datafield tag="653" ind2=" " ind1=" ">
      <subfield code="a">Treballadores agrícoles -- Espanya</subfield>
   </datafield>
   <datafield tag="653" ind2=" " ind1=" ">
      <subfield code="a">Women agricultural laborers -- Spain</subfield>
   </datafield>
   <datafield tag="653" ind2=" " ind1=" ">
      <subfield code="a">Dones treballadores de la llar -- Espanya</subfield>
   </datafield>
   <datafield tag="653" ind2=" " ind1=" ">
      <subfield code="a">Women household employees -- Spain</subfield>
   </datafield>
   <datafield ind2="0" ind1="0" tag="245">
      <subfield code="a">Rompiendo el silencio: mujeres en economías sumergidas: prácticas de poder y resistencia [guía]</subfield>
   </datafield>
</record></metadata></record></GetRecord></OAI-PMH>